000 00695nam a2200205 i 4500
001 78600
003 ES-MaACL
005 20251130063153.0
007 t|
008 041015s1919 fr ||||1| fre d
100 1 _aHébert, Georges,
_d1875-1957
_962261
245 1 0 _aMuscle et beauté plastique
_b: l'éducation physique féminine /
_cGeorges Hébert.
260 _aParis :
_bVuibert,
_c1919 (
_eChartres :
_fDurand)
300 _aVI, 198 p., 78 lám. :
_bil. ;
_c19 cm.
650 0 4 _aMujeres-
_xPsicología.
_915309
650 7 _aBelleza femenina (Estética)
_2embne
_9165561
650 7 _aEducación física
_2embne
_9164269
852 _aES-MaACL
_jF-8442
999 _c78600
_d78600